5HLuxD.jpg

KING HENRY VIII SENIOR AND PRIMARY SCHOOL LIBRARY OPAC

DogZombies rule (for now) (Record no. 5193)

000 -LEADER
fixed length control field 00579nam a22001577a 4500
008 - FIXED-LENGTH DATA ELEMENTS--GENERAL INFORMATION
fixed length control field 250825b ||||| |||| 00| 0 eng d
020 ## - INTERNATIONAL STANDARD BOOK NUMBER
International Standard Book Number 9781407193533
Qualifying information (pbk.) :
Terms of availability NT$439
050 #4 - LIBRARY OF CONGRESS CALL NUMBER
Classification number PZ7.P55223
082 0# - DEWEY DECIMAL CLASSIFICATION NUMBER
Classification number 823.92 PIC
Item number P593
100 1# - MAIN ENTRY--PERSONAL NAME
Personal name Pichon, Liz,
Relator term AUTHOR
-- ILLUSTRATOR
Language of a work ENGLISH
245 10 - TITLE STATEMENT
Title DogZombies rule (for now)
Statement of responsibility, etc. by Liz Pichon.
260 ## - PUBLICATION, DISTRIBUTION, ETC.
Place of publication, distribution, etc. Euston House,24 Eversholt Street,London,NW1 1DB
Name of publisher, distributor, etc. Scholastic
Date of publication, distribution, etc. 2021
300 ## - PHYSICAL DESCRIPTION
Extent 220 pages
Dimensions 20 cm.
500 ## - GENERAL NOTE
General note Originally published: London : Scholastic, 2016.<br/>Make Dogzombies the BEST band in the world!
942 ## - ADDED ENTRY ELEMENTS (KOHA)
Source of classification or shelving scheme
Holdings
Withdrawn status Lost status Source of classification or shelving scheme Damaged status Not for loan Collection code Permanent Location Current Location Shelving location Date acquired Total Checkouts Full call number Barcode Date last seen Date last checked out Price effective from Koha item type Public note
          Fiction KH8 Primary School Library KH8 Primary School Library Fiction 2025-08-25 6 823.92 PIC KHPL000007613 2026-02-26 2026-02-12 2025-08-25 Books - Fiction KH8 PRIMARY LIBRARY

Powered By KH8 IT Dept